000 01296nam1a2200289 i 4500
001 RU\NLR\bibl\88574
005 20240920000612.0
035 _a(NLR Aleph) 000086524
090 _a483853
_c483853
100 _a20000525g1999 d y0rusy50 ca
101 0 _arus
102 _aRU
105 _a||||z |||||
200 1 _aС нами Бог
_eРуководство для преподавателя к пособию по катехизации для детей 11-12 лет
_fПроф. Констанция Тарасар
_gОтд. религиоз. образования и катехизации Моск. Патриархата, Отд. образования Православ. Автокефал. церкви Америки
210 _aСПб.
_cС.-Петерб. христиан. просвет. о-во "Кредо"
_d1999
215 _d28
463 0 _100184360
463 0 _10011407518
606 0 _aКатехизис
_jРуководства, пособия и т.п.
_91275548
_3RU\NLR\auth\66525536
686 _aЭ372.24-42,088.1
700 1 _aТарасар
_bК.
_gКонстанция
_4070
801 0 _aRU
_bNLR
_c20000525
_gPSBO
801 1 _aRU
_bNLR
_c20000525
852 _aNLR
_j2000-8/448
942 _cBOOK